000 00284nam a2200121Ia 4500
008 191201s2019 xx 000 0 und d
100 _aHARVERD BUSINESS PRESS
245 0 _aManaging Creativity and Innovation
260 _aN. Delhi
_bHBR
300 _a174
650 _aBBA
942 _2ddc
_cBK
999 _c1
_d1